| 000 | 00523nam a2200181 a 4500 | ||
|---|---|---|---|
| 005 | 20140412111235.0 | ||
| 008 | 010530s19uu xx 00 eng d | ||
| 020 | _a0-8136-3966-2 | ||
| 050 |
_aTR(PS E _bWh62 1992 |
||
| 100 | _aLittke, Lael | ||
| 245 |
_aWho painted the porcupine puprle? / _cby Lael Littke; illustrated by Ann Grifalconi. |
||
| 260 |
_a[s.l.] : _bModern Curriculum Press, _c1992. |
||
| 300 | _a1v. (unp.) ; ill. | ||
| 650 | _aAnimals-Stories | ||
| 999 |
_c102372 _d102372 |
||